000
00309nam a22001337a 4500
020
_a
08-016177-4
082
_a
621.31042 HIN'E
100
_a
HINDMARSH, J
_9
57322
245
_a
ELECTICAL MACHINES AND THEIR APPLICATIONS
250
_a
2ND
260
_a
OXFORD
_b
PERGMAN
_c
1970
300
_a
640P
942
_c
BK
999
_c
567616
_d
567616